| 000 | 00376nam a22001457a 4500 | ||
|---|---|---|---|
| 999 |
_c8795 _d8795 |
||
| 003 | OSt | ||
| 008 | 200710b ||||| |||| 00| 0 eng d | ||
| 100 | _aJain , K.S. & Other | ||
| 245 | _aPharmaceutical Organic Chemistry-11 | ||
| 250 | _a2019 | ||
| 260 |
_aN Delhi _bNirali Prakashan _c2019 |
||
| 300 | _a7.7 | ||
| 650 | _aPharmaceutical Organic Chemistry | ||
| 942 |
_2ddc _cBK _01 |
||